000 00809nam a2200265 i 4500
003 DO-SdBNP
005 20250820141727.0
007 ta
008 250820b2025 dr ||||| |||| 00| 0 spa d
020 _a9789945656343
040 _aDO-SdBNP
_bspa
_cBNPHU
_erda
041 _aspa
082 4 _axxx
_bM663c
_222
100 _aMinaya, Leopoldo,
_d1963-
_eautor
_4aut.
_918314
245 1 3 _aLos cantos sagrados /
_cLeopoldo Minaya
264 4 _aSanto Domingo :
_bEditorial Santuario,
_c©2025.
300 _a128 páginas ;
_c24 cm.
336 _atexto
_btxt
_2rdacontent
337 _asin mediación
_bn
_2rdamedia
338 _avolumen
_bnc
_2rdacarrier
500 _aIncluye datos biográficos del autor en la solapa de la cubierta
590 _aInventariado, 2025/BT
910 _aBtavárez
942 _2ddc
_cLBS1
999 _c59802
_d59802